LS Constituencies of Kerala - Statistics

General Stats
  • This quiz has been taken 32 times
  • The average score is 13 of 20
Answer Stats
Answer % Correct
Wayanad
86%
Ernakulam
81%
Malappuram
81%
Thiruvananthapuram
81%
Kannur
76%
Kasaragod
76%
Kollam
76%
Kottayam
76%
Kozhikode
76%
Palakkad
76%
Thrissur
76%
Alappuzha
71%
Pathanamthitta
62%
Idukki
57%
Attingal
43%
Chalakudy
38%
Mavelikara
38%
Ponnani
38%
Vatakara
29%
Alathur
19%
No matching quizzes found
Score Distribution
Percent of People with Each Score
Percentile by Number Answered
Your Score History
You have not taken this quiz